| 000 | 00838 a2200229 4500 | ||
|---|---|---|---|
| 020 | _a0125057601 | ||
| 040 |
_aDLC _bDLC |
||
| 082 | 0 | 0 | _a512.5 |
| 100 | 1 | _aMoore, Hal G., | |
| 245 | 1 | 2 |
_aA first course in linear algebra with applications _cHal G. Moore, Adil Yaqub. |
| 246 | 3 | 0 | _aLinear algebra with applications |
| 250 | _a3rd ed. | ||
| 260 |
_aSan Diego : _bAcademic Press, _cc1998. |
||
| 300 |
_a1 v. (various pagings) : _bill. ; _c25 cm. |
||
| 500 | _aRev. ed. of: A first course in linear algebra. 2nd ed. 1991. | ||
| 650 | 0 | _aAlgebras, Linear. | |
| 700 | 1 |
_aYaqub, Adil, _d1928- |
|
| 700 | 1 |
_aMoore, Hal G., _d1929- |
|
| 856 | 4 | 2 |
_3Publisher description _uhttp://www.loc.gov/catdir/description/els032/97046320.html |
| 856 | 4 | 2 |
_3Table of contents _uhttp://www.loc.gov/catdir/toc/els032/97046320.html |
| 942 |
_cBK _k512.5 MOO _2ddc |
||
| 999 |
_c4430 _d4430 |
||